000
00316nam a22001457a 4500
008
210312b ||||| |||| 00| 0 eng d
020
_a
9780838580189
041
_a
eng
080
_a
616-053.2
082
_a
616-053.2
100
_a
8
101
_a
PED
245
_a
Pediatric Nursing
_c
Ball, J
942
_2
udc
_c
BK
999
_c
56548
_d
56548